000 00899nam a2200265Ia 4500
001 21994
005 20260320113332.0
008 260320s9999||||xx |||||||||||||| ||und||
020 _a9788472099135
041 _aESP
082 _a289
_bZ32
100 _aZanotti, Gabriel J.,
_eAUT
245 0 _aEconomía para sacerdotes :
_bla racionalidad económica al encuentro de la fe
246 _a
_5
_b
250 _aTercera edición
260 _aMadrid :
_bUnión Editorial,
_c2023
300 _a307 páginas :
_bgráficos ;
_c21 cm.
_e
440 _a(Cristianismo y economía de mercado)
_n
_v
650 _aREL
653 _aCristianismo; Economía - Aspectos religiosos
654 _aCHU
700 _aSilar, Mario,
_cAUT
856 _uhttps://0u20fmsnu-y-https-research-ebsco-com.itmsp.museknowledge.com/c/qxo6us/search
_zVéase además: Base de datos EBSCOhost
942 _cLIB
_dJUS
_fMAT
_2ddc
_n
999 _c21994
_d21994